|
|
|
|
| LEADER |
00000cam a2200000 7i4500 |
| 001 |
0000006561 |
| 005 |
20220105104023.0 |
| 008 |
070817 |
| 020 |
|
|
|a 9830221806
|
| 090 |
0 |
0 |
|a JP
|b MOR MAL (5000)
|
| 100 |
0 |
|
|a Hartini Hashim
|
| 245 |
1 |
0 |
|a Jangan ulangi lagi, Adi
|c Hartini Hashim
|
| 260 |
|
|
|a Selangor :
|b Pustaka Pepada Jaya ,
|c 2001
|
| 440 |
|
|
|a Siri cerita tangggungjawab
|
| 500 |
|
|
|a Children age 4-6 years old (yellow)
|
| 650 |
|
0 |
|a Moral stories
|
| 999 |
|
|
|a 0000985162
|b Book
|c Children Collection
|e Perbadanan Perpustakaan Awam Johor
|
| 999 |
|
|
|a 0000985163
|b Book
|c Children Collection
|e Cawangan Batu Pahat
|
| 999 |
|
|
|a 0000985165
|b Book
|c Children Collection
|e Cawangan Bandar Tenggara
|
| 999 |
|
|
|a 0000985166
|b Book
|c Children Collection
|e Perbadanan Perpustakaan Awam Johor
|